Statistiques concernant Villes ayant accueilli le concours de l'Eurovision sur une carte

Cliquez ici pour prendre le quiz!

Statistiques générales

  • Ce quiz a été pris 212 fois
  • Le résultat moyen est 55 sur 67

Réponses sur la Carte

Les réponses sont colorées sur une échelle allant du rouge au vert en fonction du pourcentage des utilisateurs qui les ont devinées à leur premier essai. Vous pouvez retrouver ces pourcentages ci-dessous.
 

Statistiques - réponses

AnnéePaysVille% Correct
1981IrlandeDublin
98%
1995IrlandeDublin
98%
1997IrlandeDublin
98%
1994IrlandeDublin
98%
1988IrlandeDublin
98%
1971IrlandeDublin
98%
2005UkraineKiev
98%
2017UkraineKiev
98%
2018PortugalLisbonne
98%
1977Royaume-UniLondres
98%
1968Royaume-UniLondres
98%
1960Royaume-UniLondres
98%
1963Royaume-UniLondres
98%
1969EspagneMadrid
98%
2009RussieMoscou
98%
1996NorvègeOslo
98%
2010NorvègeOslo
98%
1978FranceParis
98%
1991ItalieRome
97%
1970Pays-BasAmsterdam
96%
2006GrèceAthènes
95%
1987BelgiqueBruxelles
95%
1967AutricheVienne
95%
2015AutricheVienne
95%
2007FinlandeHelsinki
94%
1984LuxembourgLuxembourg
93%
1973LuxembourgLuxembourg
93%
1966LuxembourgLuxembourg
93%
1962LuxembourgLuxembourg
93%
2000SuèdeStockholm
93%
2016SuèdeStockholm
93%
1975SuèdeStockholm
93%
2004TurquieIstanbul
91%
2022ItalieTurin
91%
2001DanemarkCopenhague
89%
1964DanemarkCopenhague
89%
2014DanemarkCopenhague
89%
1990YougoslavieZagreb
88%
2023Royaume-UniLiverpool
87%
2021Pays-BasRotterdam
87%
1979IsraëlJérusalem
86%
1999IsraëlJérusalem
86%
1983AllemagneMunich
84%
2003LettonieRiga
84%
1965ItalieNaples
83%
2019IsraëlTel Aviv
82%
2002EstonieTallinn
81%
2008SerbieBelgrade
79%
1959FranceCannes
79%
1961FranceCannes
79%
1972Royaume-UniÉdimbourg
74%
2012AzerbaïdjanBakou
70%
2013SuèdeMalmö
70%
1992SuèdeMalmö
70%
1957AllemagneFrancfort-sur-le-Main
68%
1998Royaume-UniBirmingham
63%
1976Pays-BasLa Haye
63%
1989SuisseLausanne
63%
1980Pays-BasLa Haye
60%
2011AllemagneDüsseldorf
52%
1985SuèdeGöteborg
51%
1986NorvègeBergen
47%
1956SuisseLugano
41%
1974Royaume-UniBrighton
35%
1993IrlandeMillstreet
20%
1958Pays-BasHilversum
15%
1982Royaume-UniHarrogate
13%

Distribution des résultats

Percentile par nombre de réponses

% des personnes avec chaque résultat

Votre développement - résultats

Vous n’avez pas pris ce quiz